25 Największych Miast w Czechach i Słowacji na Mapie - Statystyki

Ogólne statystyki
  • Ten quiz został rozwiązany 37 razy
  • Średni wynik to 16 z 25
Odpowiedzi na mapie
Odpowiedzi zakodowano w zielono-czerwonej skali na mapie do tego quizu, zgodnie z poniższymi procentami.
 
Statystyki odpowiedzi
Państwo Odpowiedź Populacja % Poprawnych
Słowacja Bratysława 480k
100%
Czechy Ostrawa 280k
100%
Czechy Praga 1,4 mln
100%
Słowacja Koszyce 225k
95%
Czechy Brno 400k
85%
Czechy Liberec 100k
85%
Słowacja Żylina 80k
85%
Czechy Ołomuniec 100k
80%
Czechy Pilzno 190k
80%
Słowacja Preszów 80k
80%
Słowacja Bańska Bystrzyca 75k
70%
Czechy Czeskie Budziejowice 100k
70%
Czechy Hradec Kralove 95k
70%
Słowacja Nitra 75k
65%
Czechy Pardubice 90k
65%
Słowacja Trnawa 65k
60%
Czechy Uście Nad Łabą 90k
50%
Czechy Zlin 75k
50%
Czechy Igława 55k
45%
Czechy Opawa 55k
40%
Czechy Frydek-Mistek 55k
40%
Słowacja Trenczyn 55k
35%
Czechy Most 65k
30%
Czechy Hawierzów 65k
25%
Czechy Kladno 70k
15%
Nie znaleziono quizów pasujących do podanych kryteriów
Rozkład punktacji
Procent ludzi z każdym wynikiem
Percentyl według liczby udzielonych odpowiedzi
Twoja historia wyników
Nie rozwiązałeś tego quizu